000 00870nam1a22002051i 4500
001 rc\496566
005 20240726041713.0
035 _a(NLR Aleph) 005809988
090 _a5377926
_c5377926
100 _a20030616d1988 u |0rusy50 ca
101 0 _arus
102 _aRU
105 _ay |||||||||
200 1 _aПереход предприятий и организаций Челябинской области на полный хозрасчет, самоокупаемость, самофинансирование
_eУказ. лит. ...
_fЧеляб. обл. универс. науч. б-ка. Отд. техн. лит., Ур. дом науч.-техн. пропаганды о-ва "Знание"
210 _aЧелябинск
_cБ. и.
_d1988
215 _d20
801 0 _aRU
_bNLR
_gpsbo
801 1 _aRU
_bELAR
_2rusmarc
852 _aNLR
_bС
_jК-2/5139
942 _cBOOK